State Ending Trio Pairs Quiz Stats

Quiz Updated Jan 20, 2015

Also try: 'O'-Less States
Challenge
Share
Tweet
Embed
Score 0/8 Timer 01:00
5 Plays Today
% Correct
Alaska
95.1%
Kansas
91.6%
Arkansas
89.6%
Maryland
86.8%
Nebraska
74.3%
North Carolina
69%
South Carolina
68.5%
Rhode Island
40.9%

You're not logged in!

Compare scores with friends on all Sporcle quizzes.
Sign Up with Email
OR
Log In

You Might Also Like...

Show Comments

Extras

Top Quizzes Today


Score Distribution

Your Account Isn't Verified!

In order to create a playlist on Sporcle, you need to verify the email address you used during registration. Go to your Sporcle Settings to finish the process.